000 00481nam a22001817a 4500
003 MPLRDC
005 20220104124617.0
008 210129b ||||| |||| 00| 0 eng d
020 _a9971-84-958-5
082 _a802.35 THCY v.3 c.2
100 _a人民书局、长青贸易公司编辑部编写
245 _a画龙点睛
_c
260 _a
_b人民书局
_c
300 _b
490 _a图画成语故事丛书
650 _a成语故事
942 _cBK
_o802.35 THCY v.3 c.2
999 _c20716
_d20706